Thanh Hóa Quan Phong /

Na minha lista:
Detalhes bibliográficos
Autor principal: Vương Duy Trinh
Formato: Sách giấy
Idioma:Vietnamese
Publicado em: Sàigòn : Bộ Văn hoá Giáo dục và Thanh niên , 1973
Tags: Adicionar Tag
Sem tags, seja o primeiro a adicionar uma tag!
Thư viện lưu trữ: Thư viện Trường Đại học Đà Lạt
LEADER 00606nam a2200253 4500
001 DLU020013918
005 ##6/22/2000
020 # # |a 978- 
041 # # |a vie 
082 # # |a 911.597  |b VU-T 
090 # # |a 911.597  |b VU-T 
100 # # |a Vương Duy Trinh 
245 # # |a Thanh Hóa Quan Phong /  |c Vương Duy Trinh 
260 # # |a Sàigòn :  |b Bộ Văn hoá Giáo dục và Thanh niên ,  |c 1973 
300 # # |a 154 tr.;   |c 23 cm. 
992 # # |a 231 
994 # # |a DLU 
900 # # |a False 
911 # # |a Administrator 
925 # # |a G 
926 # # |a A 
927 # # |a SH 
980 # # |a Thư viện Trường Đại học Đà Lạt